Loading...
| Current Events | 1 | 20.00 | 100% | 100% | 0% |
| Fine Arts - Classical Music | 4 | 10.00 | 50% | 50% | 0% |
| Fine Arts - Other Fine Arts | 4 | 15.00 | 100% | 50% | 0% |
| Geography | 2 | 20.00 | 100% | 100% | 0% |
| History - American History | 8 | 20.00 | 100% | 75% | 25% |
| History - European History | 6 | 15.00 | 100% | 50% | 0% |
| History - Other History | 7 | 18.57 | 100% | 57% | 29% |
| History - World History | 7 | 18.57 | 100% | 43% | 43% |
| Literature - American Literature | 7 | 18.57 | 100% | 57% | 29% |
| Literature - British Literature | 5 | 12.00 | 80% | 40% | 0% |
| Literature - European Literature | 7 | 11.43 | 86% | 29% | 0% |
| Literature - World Literature | 1 | 10.00 | 100% | 0% | 0% |
| Mythology | 6 | 20.00 | 100% | 83% | 17% |
| Painting/Sculpture | 6 | 10.00 | 100% | 0% | 0% |
| Philosophy | 3 | 23.33 | 100% | 67% | 67% |
| Pop Culture | 4 | 17.50 | 100% | 75% | 0% |
| Religion | 3 | 23.33 | 100% | 67% | 67% |
| Science - Biology | 4 | 20.00 | 100% | 75% | 25% |
| Science - Chemistry | 5 | 18.00 | 100% | 80% | 0% |
| Science - Other Science | 6 | 15.00 | 100% | 50% | 0% |
| Science - Physics | 4 | 15.00 | 75% | 50% | 25% |
| Social Science | 5 | 16.00 | 100% | 40% | 20% |